A discourse of ecclesiastical politie : wherein the authority of the civil magistrate over the consciences of subjects in matters of external religion is asserted : the mischiefs and incoveniences of toleration are represented, and all pretenses pleaded in behalf of liberty of conscience are fully answered.

Bibliographic Details
Main Author: Parker, Samuel, 1640-1688
Format: Microform Book
Language:English
Edition:The third edition.
Series:Early English books, 1641-1700 ; 893:23.
Early English books, 1641-1700 ; 1533:10.
Subjects:

MARC

Tag First Indicator Second Indicator Subfields
LEADER 00000cam a2200000 a 4500
001 in00000960413
005 20150927072850.0
007 hd afv|||baca
007 hd bfv|||baaa
008 851002s1671 miu a 00010 eng d
019 |a 12369476 
035 |a (OCoLC)12628665 
035 |9 AEV2262AM 
037 |a CL0037000028  |b University Microfilms International 
037 |a CL0037000054  |b University Microfilms International 
037 |b University Microfilms International, 300 N. Zeeb Rd., Ann Arbor, MI 48106 
040 |a EAH  |c EAH  |d m/c  |d UMI  |d OCL  |d UtOrBLW 
043 |a e-uk-en 
049 |a TXAI 
090 |a BX5157  |b .P37 1671 
099 |a film   |a  B   |a  3609 
100 1 |a Parker, Samuel,  |d 1640-1688. 
245 1 2 |a A discourse of ecclesiastical politie :  |b wherein the authority of the civil magistrate over the consciences of subjects in matters of external religion is asserted : the mischiefs and incoveniences of toleration are represented, and all pretenses pleaded in behalf of liberty of conscience are fully answered. 
250 |a The third edition. 
264 3 |a London :  |b Printed for John Martyn ...,  |c 1671. 
300 |a 2 unnumbered pages, xlvi, 326 pages 
336 |a text  |b txt  |2 rdacontent 
337 |a microform  |b h  |2 rdamedia 
338 |a microfilm reel  |b hd  |2 rdacarrier 
500 |a This item appears at reels 893:23 and 1533:10. 
500 |a Reproduction of original in the Bodleian Library. 
510 4 |a Wing  |c P460 
533 |a Microfilm.  |b Ann Arbor, Mich. :  |c University Microfilms International,  |d 1978 and 1984.  |e 1 microfilm reel ; 35 mm.  |f (Early English books, 1641-1700 ; 893:23 and 1533:10) 
500 |a Microform. 
650 0 |a Church and state  |x Church of England. 
650 0 |a Church polity. 
650 0 |a Religious tolerance. 
830 0 |a Early English books, 1641-1700 ;  |v 893:23. 
830 0 |a Early English books, 1641-1700 ;  |v 1533:10. 
999 |a MARS 
999 f f |s 9e2c085c-83fc-3002-97fc-57d179c836e1  |i e6f25e42-ec41-3495-9f1f-8593b337df24  |t 0 
952 f f |p default  |a Texas A&M University  |b College Station  |c Sterling C. Evans Library  |d Evans: Microforms (3rd floor)  |t 0  |e film B 3609 1533:10  |h Other scheme  |i microform -- microfilm reel 
952 f f |p default  |a Texas A&M University  |b College Station  |c Sterling C. Evans Library  |d Evans: Microforms (3rd floor)  |t 0  |e film B 3609 893:23  |h Other scheme  |i microform -- microfilm reel 
998 f f |a film B 3609 1533:10  |t 0  |l Evans: Microforms (3rd floor) 
998 f f |a film B 3609 893:23  |t 0  |l Evans: Microforms (3rd floor)